Normal view
MARC view
- Teseyra, Fernando
Entry Personal Name
001 - CONTROL NUMBER
- control field: 507
003 - CONTROL NUMBER IDENTIFIER
- control field: IT-RoPau
005 - DATE AND TIME OF LATEST TRANSACTION
- control field: 20130327091432.0
008 - FIXED-LENGTH DATA ELEMENTS
- fixed length control field: 130327|| aca||aabn | a|a d
040 ## - CATALOGING SOURCE
- Original cataloging agency: IT-RoPau
- Transcribing agency: IT-RoPau
100 ## - HEADING--PERSONAL NAME
- Personal name: Teseyra, Fernando
670 ## - SOURCE DATA FOUND
- Source citation: Work cat.: (IT-RoPau): Teseyra, Fernando, "Ser San Pablo viviente hoy", 2004